[Event "Xtracon Chess Open 2018"]
[Site "Elsinore"]
[Date "2018.07.27"]
[Round "8"]
[White "Andersen, Dag"]
[Black "Overmark, Ole"]
[Result "1/2-1/2"]
[WhiteElo "1915"]
[BlackElo "1688"]
[EventDate "2018.07.21"]
[WhiteFideId "1504568"]
[BlackFideId "1410776"]

1.d4 Nf6 2.Nf3 g6 3.c4 c5 4.d5 b5 5.cxb5 a6 6.bxa6 Bxa6 7.Nc3 d6 8.Qc2 Bg7
9.e4 Bxf1 10.Kxf1 O-O 11.g3 Nbd7 12.h3 Qa5 13.Kg2 Rfb8 14.Bd2 Qa6 15.Rhe1 
Qb7 16.Rab1 Nb6 17.Nd1 Rxa2 18.Re3 Nbd7 19.Qc4 Qa6 20.Qxa6 Rxa6 21.Bc3 Bh6
22.Re2 Ra4 23.Bxf6 Nxf6 24.Nc3 Rc4 25.Ra1 Rbb4 26.e5 Ne4 27.exd6 exd6 28.
Ra8+ Kg7 29.Nxe4 Rxe4 30.Rxe4 Rxe4 31.Rd8 Re2 32.Kf1 Rxb2 33.Rxd6 c4 34.
Rc6 Rb5 35.d6 Rd5 36.Rxc4 1/2-1/2

[Event "Xtracon Chess Open 2018"]
[Site "Elsinore"]
[Date "2018.07.27"]
[Round "8"]
[White "Christiansen, Torsten Sundgaar"]
[Black "Gula, Julian"]
[Result "0-1"]
[WhiteElo "1722"]
[BlackElo "1909"]
[EventDate "2018.07.21"]
[WhiteFideId "1419714"]
[BlackFideId "12954799"]

1.d4 d6 2.c4 e5 3.Nf3 e4 4.Nfd2 f5 5.Nc3 Nf6 6.e3 Be7 7.Be2 O-O 8.Qb3 c6 
9.h3 Kh8 10.Nf1 Na6 11.Bd2 Nc7 12.Ng3 Rb8 13.Qc2 Be6 14.O-O g6 15.b4 h5 
16.f3 h4 17.d5 cxd5 18.cxd5 Ncxd5 19.Nxd5 Bxd5 20.fxe4 Nxe4 21.Nxe4 Bxe4 
22.Bc3+ Bf6 23.Qb2 Rc8 24.Bxf6+ Qxf6 25.Qxf6+ Rxf6 26.Rac1 Rff8 27.Kf2 Rc6
28.Rfd1 Rfc8 29.Rxc6 Rxc6 30.Rd2 Kg7 31.g3 hxg3+ 32.Kxg3 Kf6 33.h4 Ke5 34.
a4 Rc3 35.Kf2 b6 36.Rb2 Ra3 37.Bb5 f4 38.exf4+ Kxf4 39.Bd7 Rf3+ 40.Ke2 
Bd3+ 0-1

[Event "Xtracon Chess Open 2018"]
[Site "Elsinore"]
[Date "2018.07.27"]
[Round "8"]
[White "Nielsen, Peter"]
[Black "Meyer, Juergen"]
[Result "1/2-1/2"]
[WhiteElo "1707"]
[BlackElo "1908"]
[EventDate "2018.07.21"]
[WhiteFideId "1707485"]
[BlackFideId "24661759"]

1.d4 f5 2.Bg5 g6 3.Nc3 Bg7 4.h4 d5 5.e3 Nh6 6.Bxh6 Bxh6 7.Nf3 e6 8.Ne2 Bg7
9.Nf4 Qe7 10.c3 Nd7 11.Be2 c6 12.Qc2 e5 13.dxe5 Nxe5 14.Nxe5 Bxe5 15.O-O-O
Be6 16.Nxe6 Qxe6 17.Kb1 O-O-O 18.g4 f4 19.exf4 Bxf4 20.Bf3 Kb8 21.Rhe1 Qf7
22.a3 Bc7 23.Bg2 Bb6 24.f3 Rhe8 25.Qd2 Bc7 26.Rxe8 Rxe8 27.Re1 Bg3 28.
Rxe8+ Qxe8 29.h5 gxh5 30.gxh5 Qxh5 31.Qe3 Qg6+ 32.Ka2 h5 33.Bh3 h4 34.Qe7 
Qd6 35.Qe8+ Kc7 36.Qf7+ Kb6 37.a4 a5 38.Qe8 Ka7 39.Qe3+ c5 40.Qe8 Qa6 41.
Qd8 Qc4+ 42.Ka3 Qa6 43.Qxd5 Qd6 1/2-1/2

[Event "Xtracon Chess Open 2018"]
[Site "Elsinore"]
[Date "2018.07.27"]
[Round "8"]
[White "Christensen, Tommy"]
[Black "Finnsson, Eli W."]
[Result "0-1"]
[WhiteElo "1904"]
[BlackElo "1606"]
[EventDate "2018.07.21"]
[WhiteFideId "1423266"]
[BlackFideId "7201451"]

1.e4 c5 2.d4 cxd4 3.c3 d6 4.Bc4 Nf6 5.cxd4 e6 6.Nc3 a6 7.Nf3 Nxe4 8.Nxe4 
d5 9.Neg5 dxc4 10.Ne5 Qd5 11.O-O f6 12.Qh5+ Ke7 13.Qf7+ Kd8 14.Nxh7 Rxh7 
15.Qxf8+ Kc7 16.Ng6 Nd7 17.Bf4+ e5 18.Qe8 exf4 19.Rfe1 b5 20.Nxf4 Qd6 21.
Ne6+ Kb6 22.g3 Bb7 23.Nd8 Qd5 24.Re6+ Kc7 0-1

[Event "Xtracon Chess Open 2018"]
[Site "Elsinore"]
[Date "2018.07.27"]
[Round "8"]
[White "Weber, Andreas"]
[Black "Alfven, Jorgen"]
[Result "1-0"]
[WhiteElo "1693"]
[BlackElo "1896"]
[EventDate "2018.07.21"]
[WhiteFideId "24652504"]
[BlackFideId "1715950"]

1.e4 c5 2.d4 cxd4 3.c3 dxc3 4.Nxc3 e6 5.Nf3 Nc6 6.Bc4 a6 7.O-O Qc7 8.Bb3 
d6 9.Qe2 Be7 10.Rd1 b5 11.Bf4 Ne5 12.Bxe5 dxe5 13.Rac1 Qb8 14.a4 b4 15.Nd5
exd5 16.exd5 Bd6 17.Nxe5 Ne7 18.Nc6 Qb7 19.Re1 Kf8 20.Qf3 Nxc6 21.Rxc6 Qb8
22.Qe3 Bb7 23.Rb6 Bxh2+ 24.Kh1 Bd6 25.a5 h6 26.Ba4 Kg8 27.Bc6 Ra7 28.Qd3 
Kf8 29.Re8+ Qxe8 30.Bxe8 Bc7 31.Rxb7 Rxb7 32.Bc6 Rb8 33.d6 Bd8 34.d7 Be7 
35.Qxa6 Rd8 36.Qc4 g6 37.a6 Kg7 38.a7 Rhf8 39.Qe4 Kf6 40.a8=Q Rxa8 41.Bxa8
Rd8 42.Bc6 h5 43.f4 Bd6 44.g3 Rb8 45.Qe8 Bc7 46.Qxb8 1-0

[Event "Xtracon Chess Open 2018"]
[Site "Elsinore"]
[Date "2018.07.27"]
[Round "8"]
[White "Warston, Hakan"]
[Black "Unneland, Mathias"]
[Result "0-1"]
[WhiteElo "1662"]
[BlackElo "1896"]
[EventDate "2018.07.21"]
[WhiteFideId "1717367"]
[BlackFideId "1525581"]

1.d4 Nf6 2.c4 g6 3.Nc3 Bg7 4.e4 d6 5.Be2 c5 6.d5 O-O 7.Nf3 e6 8.O-O Re8 9.
Re1 exd5 10.exd5 Ne4 11.Nxe4 Rxe4 12.Bd3 Rxe1+ 13.Qxe1 h6 14.Rb1 Na6 15.a3
Bg4 16.Nd2 Qd7 17.Nf1 Re8 18.Be3 Nc7 19.Qd2 h5 20.h3 Bf5 21.Ng3 Bxd3 22.
Qxd3 Be5 23.Bd2 b5 24.b3 Rb8 25.Ne2 bxc4 26.bxc4 Rxb1+ 27.Qxb1 Qc8 28.Bc3 
Bg7 29.Bxg7 Kxg7 30.Nc3 Ne8 31.a4 Qd8 32.g3 Qa5 33.Qc2 Nf6 34.Kf1 a6 35.
Ke2 Qb4 36.Kd3 Nd7 37.f4 Qa3 38.Kd2 f5 39.Qa2 Qxa2+ 40.Nxa2 Nb6 41.Kc3 
Nxa4+ 42.Kb3 Nb6 43.Nc3 h4 44.Ne2 Kh6 45.g4 fxg4 46.hxg4 a5 47.Ng1 a4+ 48.
Kc3 a3 49.Kb3 Nxc4 50.Nh3 Ne3 51.Kxa3 Nxg4 52.Kb3 Ne3 0-1

[Event "Xtracon Chess Open 2018"]
[Site "Elsinore"]
[Date "2018.07.27"]
[Round "8"]
[White "Moller, Arne Vang"]
[Black "Emborg, Jens"]
[Result "1-0"]
[WhiteElo "1890"]
[BlackElo "1545"]
[EventDate "2018.07.21"]
[WhiteFideId "1406175"]
[BlackFideId "1437534"]

1.e4 e6 2.d4 d5 3.Nc3 c5 4.Nf3 Nf6 5.Bg5 h6 6.Bxf6 Qxf6 7.exd5 cxd4 8.Qxd4
Qxd4 9.Nxd4 e5 10.Nf3 f6 11.Bb5+ Bd7 12.O-O a6 13.Bd3 Bd6 14.Ne4 Ke7 15.
Nxd6 Kxd6 16.c4 b6 17.Rfe1 a5 18.Nd2 Na6 19.Ne4+ Ke7 20.Ng3 Nc5 21.Bg6 
Rhd8 22.f4 Be8 23.Bxe8 Kxe8 24.Re3 Nd7 25.b3 g6 26.Rf1 Ke7 27.Ne2 Kd6 28.
Nc3 Rf8 29.Ne4+ Kc7 30.fxe5 fxe5 31.Ref3 Rxf3 32.Rxf3 Rf8 33.Kf2 Rf4 34.
Ke3 Rxf3+ 35.Kxf3 Kd8 36.a3 Ke7 37.b4 axb4 38.axb4 1-0

[Event "Xtracon Chess Open 2018"]
[Site "Elsinore"]
[Date "2018.07.27"]
[Round "8"]
[White "Bratteteig, Tore-Inge"]
[Black "Fjallheim, Leif Reinert"]
[Result "1/2-1/2"]
[WhiteElo "1585"]
[BlackElo "1886"]
[EventDate "2018.07.21"]
[WhiteFideId "1510711"]
[BlackFideId "7201788"]

1.Nf3 Nf6 2.b3 d6 3.d4 g6 4.c4 Bg7 5.Bb2 b6 6.g3 Bb7 7.Bg2 Nbd7 8.Nbd2 Qc8
9.O-O O-O 10.Qc2 Re8 11.d5 e5 12.e4 a5 13.a3 Qd8 14.Rfe1 Bh6 15.Bh3 Rf8 
16.Nf1 Bc8 17.Bc1 Bg7 18.Ne3 Nc5 19.Bxc8 Qxc8 20.Nd2 h5 21.h4 Bh6 22.Kg2 
Ng4 23.Nxg4 Qxg4 24.f3 Qd7 25.Nf1 Bxc1 26.Rexc1 a4 27.Nd2 axb3 28.Nxb3 Qa4
29.Nxc5 Qxc2+ 30.Rxc2 bxc5 31.a4 Rfb8 32.a5 Ra6 33.Kf2 Kf8 34.Ke2 Rb3 35.
Kf2 Ke7 36.Rca2 Kd7 37.Ra3 Rb2+ 38.Kg1 Kc8 39.R1a2 Rb4 40.Ra4 Kb7 41.Kf2 
Ra7 42.Rxb4+ cxb4 43.Ra4 c5 44.dxc6+ Kxc6 45.Ke2 Kc5 46.Kd3 f5 47.a6 fxe4+
48.fxe4 Kb6 49.Rxb4+ Kxa6 50.Rb8 Rf7 51.Ke2 Ka7 52.Rb3 Rf6 53.Rb1 Rf7 54.
Rb3 Rf6 1/2-1/2

[Event "Xtracon Chess Open 2018"]
[Site "Elsinore"]
[Date "2018.07.27"]
[Round "8"]
[White "Sundin, Sven-Ingvar"]
[Black "Hansen, Verner"]
[Result "0-1"]
[WhiteElo "1567"]
[BlackElo "1876"]
[EventDate "2018.07.21"]
[WhiteFideId "1724517"]
[BlackFideId "1425285"]

1.e4 d5 2.exd5 Qxd5 3.Nc3 Qa5 4.d4 c6 5.Nf3 Nf6 6.Bc4 Bf5 7.Bd2 Qc7 8.Bb3 
e6 9.Qe2 Bd6 10.O-O-O O-O 11.h3 b5 12.Nh4 b4 13.Na4 Be4 14.Kb1 Nbd7 15.f3 
Bd5 16.g4 c5 17.dxc5 Nxc5 18.Bxb4 Rab8 19.Bxc5 Bxc5 20.Nxc5 Qxc5 21.Bxd5 
Nxd5 22.Ka1 Rfc8 23.Rd2 Rxb2 0-1

[Event "Xtracon Chess Open 2018"]
[Site "Elsinore"]
[Date "2018.07.27"]
[Round "8"]
[White "Joensen, Sigurd"]
[Black "Oland, Arne"]
[Result "0-1"]
[WhiteElo "1515"]
[BlackElo "1875"]
[EventDate "2018.07.21"]
[WhiteFideId "7200935"]
[BlackFideId "1422081"]

1.e4 c6 2.c3 e5 3.Nf3 d6 4.h3 Nf6 5.d3 Be7 6.Be2 O-O 7.O-O Na6 8.Be3 Nc7 
9.Nbd2 Ne6 10.Nh2 d5 11.f4 Nxf4 12.Bxf4 exf4 13.Rxf4 Qc7 14.Qf1 Bd6 15.g3 
Bxf4 16.Qxf4 Qxf4 17.gxf4 dxe4 18.dxe4 Rd8 19.Rd1 Be6 20.e5 Nd5 21.Bg4 
Nxf4 22.Bxe6 Nxe6 23.Nhf3 Rd3 24.Kf2 Rad8 25.h4 h6 26.Ke2 Nf4+ 27.Kf2 c5 
28.Ke1 Kf8 29.Kf2 Ke7 30.Ke1 Re3+ 31.Kf2 Rdd3 32.Ne1 Re2+ 33.Kf1 Rdxd2 0-1

[Event "Xtracon Chess Open 2018"]
[Site "Elsinore"]
[Date "2018.07.27"]
[Round "8"]
[White "Lye, Sverre"]
[Black "Degerfeldt, Sven"]
[Result "0-1"]
[WhiteElo "1405"]
[BlackElo "1902"]
[EventDate "2018.07.21"]
[WhiteFideId "1539353"]
[BlackFideId "1717430"]

1.d4 Nf6 2.Nf3 d5 3.c4 e6 4.Bf4 dxc4 5.Qa4+ c6 6.Qxc4 Nbd7 7.e3 Nb6 8.Qc2 
Be7 9.Bd3 Nbd5 10.Bg3 Nb4 11.Qb3 Nxd3+ 12.Qxd3 b6 13.Nbd2 O-O 14.h4 Bb7 
15.Ne4 c5 16.Nfg5 Nxe4 17.Nxe4 cxd4 18.Ng5 g6 19.Nxh7 Kxh7 20.h5 Kg7 21.
Be5+ Bf6 22.hxg6 fxg6 23.Bf4 Rh8 24.Rxh8 Qxh8 25.Qc4 Re8 26.Kd2 Bd5 27.Qa4
dxe3+ 28.Bxe3 Re7 29.Rc1 Qd8 30.Ke2 Rc7 31.Rxc7+ Qxc7 32.Kd2 Bc6 33.Qc4 
Qd6+ 34.Kc2 Bxg2 35.Qa4 Qc6+ 36.Qxc6 Bxc6 37.b3 Kf7 38.a4 e5 0-1

[Event "Xtracon Chess Open 2018"]
[Site "Elsinore"]
[Date "2018.07.27"]
[Round "8"]
[White "Skovgaard, Ib"]
[Black "Tulliez, Andre"]
[Result "1/2-1/2"]
[WhiteElo "1934"]
[BlackElo "1678"]
[EventDate "2018.07.21"]
[WhiteFideId "1406760"]
[BlackFideId "45107181"]

1.e4 c5 2.Nf3 d6 3.d4 cxd4 4.Nxd4 Nf6 5.Nc3 a6 6.Bg5 e6 7.Be2 Qc7 8.Qd3 b5
9.O-O-O b4 10.Na4 Qa5 11.e5 Nbd7 12.f4 Qxa4 13.Bf3 d5 14.exf6 gxf6 15.Bxd5
exd5 16.Rhe1+ Kd8 17.Bh4 Bb7 18.Qf5 Bg7 19.Nb3 Rc8 20.Re3 Qb5 21.Rg3 Rg8 
22.Qxh7 Rh8 23.Qxg7 Rxh4 24.Qxf7 Rxf4 25.Rg8+ Kc7 26.Rxc8+ Kxc8 27.Qg8+ 
Nf8 28.Qxf8+ Kc7 29.Qe7+ Qd7 30.Qxd7+ Kxd7 31.Nc5+ Kc6 32.Nd3 Rh4 33.Rf1 
Rxh2 34.Rxf6+ Kc7 35.Rf7+ Kb6 36.Rg7 a5 37.Nf4 Rh4 38.Rg6+ Kc7 39.Ne6+ Kb8
40.Rg8+ Ka7 41.Rg7 Kb6 42.Kd2 Bc8 43.Rg6 Kb5 44.c3 bxc3+ 45.bxc3 Bxe6 46.
Rxe6 Ra4 47.a3 Rxa3 48.g4 Ra2+ 49.Ke3 Rg2 50.Kf3 Rg1 51.Re8 Kc4 52.Rc8+ 
Kb3 53.Rc5 a4 54.Rxd5 a3 55.Rb5+ Kxc3 56.Ra5 Kb2 57.Rb5+ Ka1 58.g5 a2 59.
Kf4 Rb1 60.Ra5 Kb2 61.Kf5 a1=Q 62.Rxa1 Rxa1 63.g6 Rf1+ 64.Ke6 Kc3 65.g7 
Re1+ 66.Kf7 Rf1+ 67.Ke7 Rg1 68.Kf7 Kd4 69.g8=Q Rxg8 70.Kxg8 1/2-1/2

[Event "Xtracon Chess Open 2018"]
[Site "Elsinore"]
[Date "2018.07.27"]
[Round "8"]
[White "Nielsen, Carsten Juul"]
[Black "Bernstein, Jonas August"]
[Result "0-1"]
[WhiteElo "1909"]
[BlackElo "1661"]
[EventDate "2018.07.21"]
[WhiteFideId "1402242"]
[BlackFideId "1532154"]

1.d4 d5 2.c4 dxc4 3.e3 e5 4.Bxc4 exd4 5.Nf3 Bb4+ 6.Nbd2 dxe3 7.fxe3 Qe7 8.
O-O Nf6 9.Qb3 O-O 10.Ng5 Nc6 11.e4 Qc5+ 12.Kh1 Qxg5 13.e5 Qxe5 14.Nf3 Qc5 
15.Be3 Qe7 16.Ng5 Na5 17.Qd3 Nxc4 18.Rxf6 g6 19.Rxf7 Ne5 20.Rxe7 Nxd3 21.
Rxc7 Bd6 22.Rxh7 Bf4 23.Bd4 Be5 24.Bxe5 Nxe5 25.h4 Bg4 26.Rxb7 Nf7 27.Ne4 
Bf5 28.Nf6+ Kh8 29.g4 Be6 30.Re7 Bc4 31.b3 Bb5 32.Rc1 Kg7 33.g5 a5 34.Rcc7
Bd3 35.Nd7 Rfe8 36.Rxf7+ Kxf7 37.Ne5+ Ke6 38.Nxd3 Kf5 39.Rf7+ Kg4 40.Rf2 
Rad8 41.Rg2+ Kxh4 42.Nf2 Rd4 43.Kh2 Re2 44.a3 Re3 45.b4 a4 46.Kg1 Rxa3 0-1

[Event "Xtracon Chess Open 2018"]
[Site "Elsinore"]
[Date "2018.07.27"]
[Round "8"]
[White "Sorokin, Artem"]
[Black "Rasmussen, Morten Fredsgaard"]
[Result "1/2-1/2"]
[WhiteElo "1660"]
[BlackElo "1901"]
[EventDate "2018.07.21"]
[WhiteFideId "44133561"]
[BlackFideId "1410636"]

1.e4 c6 2.d4 d5 3.e5 Bf5 4.Nf3 e6 5.Be2 c5 6.c3 Nc6 7.O-O Qb6 8.dxc5 Bxc5 
9.b4 Be7 10.Be3 Qc7 11.Qa4 Kf8 12.Bf4 Bg4 13.Nbd2 g5 14.b5 Na5 15.Bxg5 
Bxg5 16.Qxg4 Bxd2 17.Nxd2 Qxe5 18.Qb4+ Kg7 19.Bd3 Nc4 20.Bxc4 dxc4 21.Nxc4
Qf4 22.Rad1 Nf6 23.Rd4 Qc7 24.Rfd1 Rac8 25.R1d3 Rhd8 26.Rg3+ Kh8 27.Nd6 
Rb8 28.b6 axb6 29.Qxb6 Rd7 30.Qxc7 Rxc7 31.Rf4 Rd8 32.Rd4 Nd5 33.Nb5 Rcd7 
34.c4 Nc3 35.Rxc3 Rxd4 36.Nxd4 Rxd4 37.g3 h5 38.h4 Kg7 39.a4 Kf6 40.a5 
Rd1+ 41.Kg2 Ra1 42.Rb3 Rxa5 43.Rxb7 Rc5 44.Rb4 e5 45.Rb6+ Kf5 46.Rh6 Rxc4 
47.Rxh5+ Ke6 48.Rh8 f6 49.h5 Kf7 50.h6 Kg6 51.Kf3 1/2-1/2

[Event "Xtracon Chess Open 2018"]
[Site "Elsinore"]
[Date "2018.07.27"]
[Round "8"]
[White "Nordin, Eric"]
[Black "Shehzad, Alisha"]
[Result "1-0"]
[WhiteElo "1872"]
[BlackElo "1650"]
[EventDate "2018.07.21"]
[WhiteFideId "1711822"]
[BlackFideId "1521926"]

1.e4 c5 2.Nc3 e6 3.f4 Nc6 4.Nf3 d5 5.Bb5 dxe4 6.Nxe4 Bd7 7.O-O Nf6 8.d3 a6
9.Bc4 Be7 10.c3 O-O 11.Be3 b6 12.Bb3 Qc7 13.Qe2 Na5 14.Bc2 Nd5 15.Nfd2 
Nxe3 16.Qxe3 Rfd8 17.Rac1 Nc6 18.d4 cxd4 19.cxd4 Nb4 20.Nf6+ Kh8 21.Qh3 h6
22.Be4 Qb8 23.Nxd7 Rxd7 24.Bxa8 Qxa8 25.Qc3 Rd8 26.a3 Na2 27.Qc7 Nxc1 28.
Rxc1 Rxd4 29.Nf3 Bd8 30.Qxf7 Rd3 31.Ne5 Rd2 32.Qe8+ Kh7 33.Qg6+ Kg8 34.
Qxe6+ Kh7 35.Qg6+ Kg8 36.Rc6 b5 37.Qe8+ Kh7 38.Qg6+ Kg8 39.Qe8+ Kh7 40.
Qg6+ Kg8 41.Qe8+ Kh7 42.Rxh6+ gxh6 43.Qf7+ Kh8 44.Ng6# 1-0

[Event "Xtracon Chess Open 2018"]
[Site "Elsinore"]
[Date "2018.07.27"]
[Round "8"]
[White "Sandberg, Martin"]
[Black "Fjallheim, Elmar Reinert"]
[Result "1-0"]
[WhiteElo "1865"]
[BlackElo "1635"]
[EventDate "2018.07.21"]
[WhiteFideId "1707159"]
[BlackFideId "7201095"]

1.Nf3 Nf6 2.d4 g6 3.c4 d6 4.Nc3 Bg7 5.Bf4 O-O 6.e3 Nbd7 7.Be2 Re8 8.O-O h6
9.h3 Nh5 10.Bh2 c5 11.d5 a6 12.Qc2 Nf8 13.e4 Nf6 14.Nd2 e5 15.f4 N8d7 16.
Nf3 Nh7 17.Bd3 Kh8 18.Kh1 Rb8 19.Qf2 f6 20.Nh4 Ndf8 21.fxe5 fxe5 22.Qg3 
Qg5 23.Qf2 Qd8 24.Nf3 g5 25.Nd2 Ng6 26.Ne2 Nf4 27.Nxf4 exf4 28.Nf3 Nf6 29.
Qc2 Nd7 30.g3 Be5 31.gxf4 gxf4 32.Rg1 Nf6 33.Rg6 Kh7 34.Qg2 Rg8 35.Rg1 Qf8
36.Nxe5 dxe5 37.Rxf6 Bxh3 38.Qxh3 Qxf6 39.Qf5+ Qxf5 40.exf5 Rxg1+ 41.Bxg1 
b6 42.Bf2 Kg7 43.Bh4 Kf7 44.Kg2 Rg8+ 45.Kf3 Rg1 46.d6 Ke8 47.f6 Rg8 48.f7+
Kxf7 49.d7 1-0

[Event "Xtracon Chess Open 2018"]
[Site "Elsinore"]
[Date "2018.07.27"]
[Round "8"]
[White "Nielsen, Jorgen Kamp"]
[Black "Jonsson, Olafur Gisli"]
[Result "0-1"]
[WhiteElo "1674"]
[BlackElo "1844"]
[EventDate "2018.07.21"]
[WhiteFideId "1413279"]
[BlackFideId "2302705"]

1.f4 d5 2.Nf3 g6 3.g3 Bg7 4.Bg2 Nf6 5.d3 O-O 6.O-O c5 7.c3 d4 8.h3 Nc6 9.
e4 dxe3 10.Bxe3 Qd6 11.Rf2 Bf5 12.Rd2 Rad8 13.Na3 Nd5 14.Bf2 b6 15.Nc4 Qd7
16.Kh2 Qc7 17.d4 b5 18.Na3 b4 19.Nb5 Qb8 20.c4 Nb6 21.dxc5 Nxc4 22.Rxd8 
Rxd8 23.Nbd4 Nxd4 24.Nxd4 Nxb2 25.Qd2 Nc4 26.Qd1 Qc8 27.Qg1 Qd7 28.c6 Qc8 
29.Re1 Bf6 30.Nxf5 Qxf5 31.Bxa7 Rd2 32.Rc1 Qe4 33.Kh1 Qe2 34.c7 Nd6 35.
c8=Q+ Nxc8 36.Rxc8+ Kg7 37.Qf1 Rd1 38.Rc1 Rxf1+ 0-1

[Event "Xtracon Chess Open 2018"]
[Site "Elsinore"]
[Date "2018.07.27"]
[Round "8"]
[White "Kallenbach, Olav"]
[Black "Tonnesen, Jan Ryder"]
[Result "1-0"]
[WhiteElo "1838"]
[BlackElo "1604"]
[EventDate "2018.07.21"]
[WhiteFideId "1414852"]
[BlackFideId "1461869"]

1.e4 c5 2.Nf3 Nc6 3.d4 cxd4 4.Nxd4 Nxd4 5.Qxd4 e6 6.Nc3 a6 7.Bf4 d6 8.
O-O-O Nf6 9.e5 Nh5 10.Be3 g6 11.g4 Ng7 12.exd6 f6 13.f4 Bd7 14.Bg2 Rb8 15.
Rhe1 h5 16.g5 Kf7 17.Ne4 f5 18.Nf6 Bc6 19.Bxc6 bxc6 20.Qa7+ 1-0

[Event "Xtracon Chess Open 2018"]
[Site "Elsinore"]
[Date "2018.07.27"]
[Round "8"]
[White "Nielsen, Henrik Wendelbo"]
[Black "Gaure, Sigurd Lauvas"]
[Result "1-0"]
[WhiteElo "1831"]
[BlackElo "1535"]
[EventDate "2018.07.21"]
[WhiteFideId "1412302"]
[BlackFideId "1524933"]

1.d4 Nf6 2.c4 g6 3.h4 h5 4.Nc3 d5 5.Bg5 dxc4 6.e4 Bg7 7.Bxc4 O-O 8.Nge2 
Nbd7 9.e5 Nh7 10.Qc2 Nxg5 11.hxg5 e6 12.f4 Nb6 13.Bd3 Nd5 14.Nxd5 Qxd5 15.
Be4 Qa5+ 16.Nc3 Qb4 17.O-O-O c5 18.dxc5 Qxc5 19.Qe2 Re8 20.g4 hxg4 21.Qxg4
a5 22.Bc2 b5 23.Ne4 Qe3+ 24.Kb1 Bb7 25.Rhe1 Qb6 26.Nf6+ 1-0

[Event "Xtracon Chess Open 2018"]
[Site "Elsinore"]
[Date "2018.07.27"]
[Round "8"]
[White "Syndergaard, Stig"]
[Black "Jensen, Torben W."]
[Result "0-1"]
[WhiteElo "1830"]
[BlackElo "1615"]
[EventDate "2018.07.21"]
[WhiteFideId "1432435"]
[BlackFideId "1515942"]

1.Nf3 c5 2.c4 Nc6 3.d4 cxd4 4.Nxd4 Nf6 5.Nc3 h6 6.e3 d6 7.Be2 e6 8.O-O Be7
9.e4 Bd7 10.Ndb5 Qb8 11.Be3 a6 12.Nd4 Nxd4 13.Qxd4 Bc6 14.a4 Qc7 15.f3 Rc8
16.a5 Qd7 17.Rfd1 e5 18.Qd3 O-O 19.b4 Qe8 20.b5 Bd7 21.bxa6 bxa6 22.c5 
dxc5 23.Qxa6 Ra8 24.Qd3 Bc6 25.Qc2 Qc8 26.a6 Rd8 27.Rxd8+ Qxd8 28.Bc4 Qc8 
29.Qa2 Be8 30.Na4 Qc6 31.Qb3 Rxa6 32.Bxa6 Qxa6 33.Qb6 Qd3 34.Bxc5 Nd7 35.
Qa7 Bxc5+ 36.Nxc5 Qd4+ 37.Kf1 Qc4+ 38.Kg1 Nxc5 39.Qa8 Qd4+ 40.Kh1 Kh7 41.
Qa7 Bb5 42.Rc1 Ne6 43.Qxf7 Nf4 44.Qf5+ Ng6 45.Qf7 Qd2 46.Rg1 Be2 47.Qf5 
Qe3 48.h4 Qf4 49.Qh3 Nxh4 50.Re1 Bc4 51.Qh2 Qg5 52.Qh3 Be6 53.Qh2 Ng6 54.
g3 Qf6 55.Qg2 Nh4 56.Qf2 Nxf3 57.Re3 Bg4 58.Kg2 Ng5 59.Qxf6 gxf6 60.Kf2 
Kg6 61.Re1 Nf3 62.Ra1 Nd4 63.Ra4 Ne6 64.Ra3 h5 65.Ra1 Kg5 66.Rh1 Nf8 67.
Ke3 Ng6 68.Rf1 h4 69.gxh4+ Nxh4 70.Kd3 Ng6 71.Kc3 Nf4 72.Kb4 Be2 73.Rg1+ 
Kh4 74.Kc5 Bf3 75.Re1 Nd3+ 0-1

[Event "Xtracon Chess Open 2018"]
[Site "Elsinore"]
[Date "2018.07.27"]
[Round "8"]
[White "Kristian, Pade Frederiksen"]
[Black "Stromhaug, Kristoffer Wang"]
[Result "1-0"]
[WhiteElo "1808"]
[BlackElo "1502"]
[EventDate "2018.07.21"]
[WhiteFideId "1435205"]
[BlackFideId "1533401"]

1.d4 Nf6 2.c4 g6 3.Nc3 Bg7 4.e4 d6 5.f4 Bg4 6.Be2 Bxe2 7.Qxe2 O-O 8.Nf3 
Nbd7 9.e5 dxe5 10.fxe5 Ne8 11.Bg5 f6 12.exf6 exf6 13.Bf4 c6 14.O-O Nc7 15.
Rfe1 Re8 16.Qd2 Ne6 17.Be3 Nb6 18.b3 f5 19.Rad1 Qd7 20.a4 a5 21.d5 cxd5 
22.Bxb6 d4 23.Nd5 1-0

[Event "Xtracon Chess Open 2018"]
[Site "Elsinore"]
[Date "2018.07.27"]
[Round "8"]
[White "Densing, Gerd"]
[Black "Hjornevik, Oyvind"]
[Result "0-1"]
[WhiteElo "1794"]
[BlackElo "1414"]
[EventDate "2018.07.21"]
[WhiteFideId "24621013"]
[BlackFideId "1516159"]

1.d4 e6 2.Nf3 d5 3.e3 Nf6 4.Bd3 Bd6 5.O-O O-O 6.b3 Nc6 7.Bb2 Nb4 8.Be2 c5 
9.a3 Nc6 10.Bd3 cxd4 11.exd4 Qc7 12.Re1 Re8 13.Ne5 Bxe5 14.dxe5 Nd7 15.Qe2
Ne7 16.Nc3 a6 17.Na2 Nc5 18.Rac1 Bd7 19.Bd4 Nxd3 20.cxd3 Qd8 21.Bc5 Rc8 
22.d4 Nf5 23.Qd3 a5 24.a4 b6 25.Ba3 Qh4 26.Bb2 Qg4 27.Red1 Nh4 28.Qg3 Qxg3
29.hxg3 Nf5 30.g4 Ne7 31.Ba3 h6 32.Nc3 Ng6 33.g3 f6 34.exf6 gxf6 35.Re1 
Kf7 36.f3 Rh8 37.Kg2 Ne7 38.Bxe7 Kxe7 39.Nxd5+ Kf7 40.Nxb6 Rcd8 41.Rc7 Ke7
42.Rec1 Kd6 43.Nxd7 Rxd7 44.R1c6+ Ke7 45.Rxd7+ Kxd7 46.Rc5 Rb8 47.Rxa5 
Rxb3 48.Rh5 Ra3 49.a5 Ke7 50.Kf2 Rd3 51.a6 Ra3 52.Rxh6 Rxa6 53.Ke3 Rd6 54.
Rh7+ Kf8 55.f4 Kg8 56.Rc7 Rb6 57.Rd7 Rb3+ 58.Kf2 Rb2+ 59.Kf3 Rb3+ 60.Kg2 
Rb2+ 61.Kh3 Rd2 62.Kh4 Rh2# 0-1

[Event "Xtracon Chess Open 2018"]
[Site "Elsinore"]
[Date "2018.07.27"]
[Round "8"]
[White "Narheim, Mats"]
[Black "Falkesgaard, Jeppe Hald"]
[Result "1/2-1/2"]
[WhiteElo "1544"]
[BlackElo "1731"]
[EventDate "2018.07.21"]
[WhiteFideId "1518607"]
[BlackFideId "1464981"]

1.e4 e6 2.Qe2 c5 3.d3 Be7 4.Nf3 d5 5.e5 Nc6 6.g3 Nd4 7.Nxd4 cxd4 8.Qg4 
Bb4+ 9.Bd2 Bxd2+ 10.Nxd2 g6 11.Qxd4 Ne7 12.Bg2 Nc6 13.Qf4 O-O 14.O-O Qb6 
15.Rab1 Nd4 16.Qh4 Nf5 17.Qf4 Nd4 18.Qh6 Nf5 19.Qf4 Nd4 20.Qh6 1/2-1/2

[Event "Xtracon Chess Open 2018"]
[Site "Elsinore"]
[Date "2018.07.27"]
[Round "8"]
[White "Kristiansen, Elias V."]
[Black "Halberg, Jesper"]
[Result "1-0"]
[WhiteElo "1163"]
[BlackElo "1702"]
[EventDate "2018.07.21"]
[WhiteFideId "1530003"]
[BlackFideId "1451278"]

1.d4 Nf6 2.c4 e6 3.Nc3 Bb4 4.Nf3 c5 5.a3 Bxc3+ 6.bxc3 Qc7 7.Bg5 cxd4 8.
Bxf6 gxf6 9.Qxd4 e5 10.Qh4 Qa5 11.Nd2 Qxc3 12.Rd1 Ke7 13.g3 Nc6 14.Bg2 Nd4
15.O-O Nf5 16.Qxf6+ Kxf6 17.Ne4+ Kg7 18.Nxc3 Rb8 19.Bh3 Nd4 20.e3 Ne6 21.
Nb5 Rd8 22.Nxa7 Ra8 23.Nxc8 Raxc8 24.Bxe6 fxe6 25.Rb1 Rc7 26.Rb4 Rdc8 27.
Rd1 Kf6 28.Rdb1 d5 29.cxd5 exd5 30.Rxb7 Rxb7 31.Rxb7 Rc1+ 32.Kg2 h6 33.
Rb6+ Kg5 34.f4+ exf4 35.gxf4+ Kf5 36.Rxh6 Rc3 37.Rh5+ Ke4 38.Re5+ Kd3 39.
Rxd5+ Kxe3 40.f5 Rxa3 41.f6 Ra2+ 42.Kg3 Ra7 43.Rf5 Rf7 44.Kg4 Ke4 45.Kg5 
Rh7 46.Rf2 Ke5 47.Kg6 Rh8 48.f7 1-0

[Event "Xtracon Chess Open 2018"]
[Site "Elsinore"]
[Date "2018.07.27"]
[Round "8"]
[White "Larsen, Mette Dalsgaard"]
[Black "Keymer, Cecilia"]
[Result "1/2-1/2"]
[WhiteElo "1682"]
[BlackElo "1380"]
[EventDate "2018.07.21"]
[WhiteFideId "1430718"]
[BlackFideId "16233468"]

1.d4 d5 2.c4 c6 3.Nf3 Nf6 4.e3 a6 5.Nbd2 Bf5 6.Be2 h6 7.b3 e6 8.O-O Bd6 9.
Bb2 O-O 10.Rc1 Nbd7 11.Ne5 Rc8 12.f4 Ne4 13.Nxe4 Bxe4 14.Nxd7 Qxd7 15.c5 
Bc7 16.Bd3 Bxd3 17.Qxd3 Qe7 18.Rf3 1/2-1/2

[Event "Xtracon Chess Open 2018"]
[Site "Elsinore"]
[Date "2018.07.27"]
[Round "8"]
[White "Ji, Jiahao Eric"]
[Black "Frisk, Hans"]
[Result "1/2-1/2"]
[WhiteElo "1463"]
[BlackElo "2004"]
[EventDate "2018.07.21"]
[WhiteFideId "1533371"]
[BlackFideId "1708570"]

1.e4 e5 2.Nf3 Nf6 3.Nxe5 d6 4.Nf3 Nxe4 5.d4 d5 6.Bd3 Bd6 7.O-O O-O 8.Re1 
Bf5 9.a3 a5 10.c4 c6 11.c5 Bc7 12.Nc3 Re8 13.Qc2 Nd7 14.Nxe4 Bxe4 15.Bxe4 
dxe4 16.Rxe4 Rxe4 17.Qxe4 Qe8 18.Qxe8+ Rxe8 19.Be3 Nf6 20.Re1 Nd5 21.g3 f6
22.Nd2 a4 23.Nc4 Kf7 24.Bd2 Rxe1+ 25.Bxe1 b5 26.Ne3 Ke6 27.Kg2 Nxe3+ 28.
fxe3 Kd5 29.Kf3 f5 30.Bc3 h5 31.h3 g6 32.g4 hxg4+ 33.hxg4 Bb8 34.gxf5 gxf5
35.Bb4 Bc7 1/2-1/2

[Event "Xtracon Chess Open 2018"]
[Site "Elsinore"]
[Date "2018.07.27"]
[Round "8"]
[White "Jorgensen, Orla Eilegaard"]
[Black "Naesborg, Jens-Ole"]
[Result "1-0"]
[WhiteElo "1639"]
[BlackElo "1866"]
[EventDate "2018.07.21"]
[WhiteFideId "1413368"]
[BlackFideId "1443577"]

1.e4 Nf6 2.e5 Nd5 3.d4 d6 4.c4 Nb6 5.f4 dxe5 6.fxe5 Nc6 7.Be3 Bf5 8.Nf3 e6
9.a3 Qd7 10.b4 a6 11.Nc3 Ne7 12.Bd3 c6 13.Ne4 Bxe4 14.Bxe4 Nxc4 15.Qd3 b5 
16.O-O Nd5 17.Bxd5 cxd5 18.Ng5 f5 19.exf6 Bd6 20.f7+ Kd8 21.Bf4 e5 22.dxe5
Bxe5 23.Bxe5 Nxe5 24.f8=Q+ 1-0